Нормален изглед
MARC изглед
- Кисьов, Роман Здравков
Вход 01. Лично име
001 - Контролен номер на записа
- Контролно поле: 365909
003 - Код на организацията, даваща контролен номер
- Контролно поле: BLK
005 - Дата и час на последна промяна на записа
- Контролно поле: 20250218114527.0
008 - Данни с фиксирана дължина – обща информация
- Данни с фиксирана дължина : 180422|| aca||aabn | a|a d
100 ## - ИМЕ НА ЛИЦЕ -ПЪРВИЧНА ИНТЕЛЕКТУАЛНА ОТГОВОРНОСТ
- Лично име: Кисьов, Роман Здравков
- Дати, свързани с автора: 1962 -
- Друга информация: Илюстратор. Поет. Преводач на поезия от руски, арменски, румънски, сръбски, босненски и македонски езици.
942 ## - Системна служебна употреба
- Koha auth type: PERSO_NAME